¿Es verdad que? / (Record no. 60212)

MARC details
000 -LEADER
campo de control de longitud fija 00691nam a2200229 i 4500
001 - NÚMERO DE CONTROL
campo de control 60212
003 - IDENTIFICADOR DE NÚMERO DE CONTROL
campo de control ES-MaACL
005 - FECHA Y HORA DE LA ÚLTIMA TRANSACCIÓN
campo de control 20250804054021.0
007 - CAMPO FIJO DE DESCRIPCIÓN FÍSICA--INFORMACIÓN GENERAL
campo de control de longitud fija t|
008 - DATOS DE LONGITUD FIJA--INFORMACIÓN GENERAL
campo de control de longitud fija 031103m19661967sp ||||1| spa d
110 0# - ENTRADA PRINCIPAL--NOMBRE DE ENTIDAD CORPORATIVA
Nombre de entidad corporativa o nombre de jurisdicción como elemento de entrada Foyer Notre-Dame (Bruxelles)
9 (RLIN) 4153
245 10 - MENCIÓN DEL TÍTULO
Título ¿Es verdad que? /
Mención de responsabilidad, etc. [tradujo, José Valladares].
260 ## - PUBLICACIÓN, DISTRIBUCIÓN, ETC.
Lugar de publicación, distribución, etc. Salamanca :
Nombre del editor, distribuidor, etc. Sígueme,
Fecha de publicación, distribución, etc. 1966-1967.
300 ## - DESCRIPCIÓN FÍSICA
Extensión 4 v. ;
Dimensiones 19 cm.
490 1# - MENCIÓN DE SERIE
Mención de serie Temas de hoy ;
Designación de volumen o secuencia 1-4
650 07 - PUNTO DE ACCESO ADICIONAL DE MATERIA--TÉRMINO DE MATERIA
Término de materia o nombre geográfico como elemento de entrada Vida cristiana
Fuente del encabezamiento o término embne
9 (RLIN) 17790
700 1# - ENTRADA AGREGADA--NOMBRE PERSONAL
Nombre de persona Valladares, José.
9 (RLIN) 112725
710 2# - ENTRADA AGREGADA--NOMBRE DE ENTIDAD CORPORATIVA
Nombre de entidad corporativa o nombre de jurisdicción como elemento de entrada Foyer Notre-Dame (Bruxelles)
9 (RLIN) 4153
830 0# - PUNTO DE ACCESO ADICIONAL DE SERIE-TÍTULO UNIFORME
Título uniforme Temas de hoy ;
Designación de volumen o secuencia 1-4
9 (RLIN) 184570
852 ## - LOCALIZACIÓN
Ubicación ES-MaACL
Número de control de estantería P-1113
Sublocalización o colección R.70009
Holdings
Estatus retirado Estado de pérdida Estado de daño No para préstamo Biblioteca de origen Biblioteca actual Ubicación en estantería Fecha de adquisición Fuente de adquisición Total de préstamos Signatura topográfica completa Código de barras Visto por última vez Precio de reemplazo Tipo de ítem Koha
        Biblioteca del Ateneo de Madrid Biblioteca del Ateneo de Madrid Depósito 2 17/01/2008     P-1113 1063157 23/02/2023 23/02/2023 Libro impreso